Protinámrazová úprava asfaltových vozoviek

Bibliographic Details
Main Author: Kováč, Pavol (Author)
Format: Book
Language:Slovak
PhysicalDescription:101 strán fotografie, grafy, schémy, tabuľky 25 cm
Published: Žilina Žilinská univerzita 2003
ISBN:8080700443
Edition:1. vydanie
Series:Odborné knižné publikácie
Subjects:

MARC

LEADER 00000cam a2200000 a 4500
001 vtls001464991
003 SK-MaSNL
005 20260301073436.0
008 240226s2003 xo odl grn 000 0 slo
015 |a SNBA2003/12-05129 
020 |a 8080700443  |q (viazané) 
035 |a SNK000420296 
035 |a urn:nbn:sk:snk-am3ix6m 
035 |a 463C44D4-2CB1-43EC-9E6D-46A01214DD6D 
035 |a urn:nbn:sk:snk-am00g5mt 
040 |a SNK  |b slo  |c SNK  |e AACR2 
041 0 |a slo 
044 |a xo  |c SK 
072 7 |a 625  |x Pozemné komunikácie. Železničné staviteľstvo  |2 konspekt 
080 |a 625.85  |2 2011 
080 |a (048.8)  |2 2011 
080 |a 625.76  |2 2011 
080 |a 625.786.5  |2 2011 
100 1 |a Kováč, Pavol  |4 aut  |9 5131 
245 1 0 |a Protinámrazová úprava asfaltových vozoviek  |c Pavol Kováč 
250 |a 1. vydanie 
260 |a Žilina  |b Žilinská univerzita  |c 2003 
300 |a 101 strán  |b fotografie, grafy, schémy, tabuľky  |c 25 cm 
366 |e 150 kusov 
490 1 |a Odborné knižné publikácie 
504 |a Bibliografia na strane 99-101 ; zoznam použitých skratiek a značiek 
650 0 7 |a asfaltové vozovky  |2 SNKPH  |9 4360 
650 0 7 |a opravy a údržba pozemných komunikácií  |2 SNKPH  |9 57565 
650 0 7 |a zimná údržba vozoviek  |2 SNKPH  |9 394497 
655 7 |a monografie  |2 SNKPH  |9 70139 
830 0 |a Odborné knižné publikácie  |9 301927 
919 |a 80-8070-044-3 
958 |a NB 
958 |a OND 
999 |c 644270  |d 646200 
952 |t P60, <03>, [BOOK], {603}  |a SNK  |b SNK  |y PREZ  |7 0  |p 17A0405481  |o snkSC 113914  |i snkKSP 15467/2003  |0 0  |1 0  |4 0  |d 2003-12-08  |f 1  |l 0  |r 2025-10-02 00:00:00  |w 2026-02-23 
952 |t snkKOV 625.7  |a SNKUST  |b SNKUST  |y PREZ  |7 0  |p 17A0405482  |o snkSC 113914 D1  |i snkKSP 15468/2003  |0 0  |1 0  |4 0  |d 2003-12-08  |l 0  |r 2025-04-29 00:00:00  |w 2026-02-23